• 首页
  • 本馆介绍
  • 公告通知
  • 最新文献
  • 馆藏检索
  • 电子资源
  • 读者导购
  • 参考咨询
  • 我的图书馆
  • 登录
  • 详细信息显示
  • 放入我的书架
  • 预约/预借图书
  • 作者相关作品
  • 分类相关作品
  • 丛书相关作品
  • 出版社相关作品

书目信息

  • 表格格式
  • 工作单格式
  • 卡片格式
题名:
没有我们的世界
    
 
作者: 韦斯曼 著 ;赵舒静 译
分册:  
出版信息: 上海   上海科学技术文献出版社  2007
页数: 311页
开本: 24cm
丛书名:
单 册:
中图分类: X24-49 , P183-49
科图分类:
主题词: 人类活动影响--环境--普及读物 , 太阳系
电子资源:
ISBN: 978-7-5439-3360-6
000 01011nam0 2200277 450
001 1571126507
005 20150118194606.51
010    @a978-7-5439-3360-6@dCNY38.00
100    @a20071211d2007 em y0chiy50 ea
101 1  @achi@ceng
102    @aCN@b310000
105    @aa z 000yy
200 1  @a没有我们的世界@9mei you wo men de shi jie@f(美)艾伦·韦斯曼(Alan Weisman)著@g赵舒静译
210    @a上海@c上海科学技术文献出版社@d2007
215    @a311页@c图,照片@d24cm
312    @a封面英文题名:The world without us
330    @a本书讲述了人类销声匿迹以后,我们的基础设施建筑是如何土崩瓦解,最终又如何消失殆尽的。描述了充斥着化学物质的农场将如何退回原始状态,鸟类等生物将面对如何的命运等。
510 1  @aWorld without us@zeng
606 0  @a人类活动影响@x环境@j普及读物
606 0  @a太阳系
690    @aX24-49@v5
690    @aP183-49@v4
701  0 @c(美)@a韦斯曼@9wei si man@c(Weisman, Alan)@4著
702  0 @a赵舒静@9zhao shu jing@4译
801  0 @aCN@bTSSF@c20150118
905    @aZUCC@dP183-49@eJY58
    
    没有我们的世界/(美)艾伦·韦斯曼(Alan Weisman)著/赵舒静译.-上海:上海科学技术文献出版社,2007
    311页:图,照片;24cm
    
    
    ISBN 978-7-5439-3360-6:CNY38.00
    本书讲述了人类销声匿迹以后,我们的基础设施建筑是如何土崩瓦解,最终又如何消失殆尽的。描述了充斥着化学物质的农场将如何退回原始状态,鸟类等生物将面对如何的命运等。
●
相关链接 在E读中查询图书 在五车中查询图书 在当当中查询图书 在豆瓣中查询图书


正题名:没有我们的世界     索取号:P183-49/JY58         预约/预借

序号 登录号 条形码 馆藏地/架位号 状态 备注
1 7848097   278480975   学院路分馆/ [索取号:P183-49/JY58] 在馆    
2 7848098   278480984   学院路分馆/ [索取号:P183-49/JY58] 在馆    
唐山师范学院图书馆 欢迎您!
大连网信软件有限公司© 版权所有